| 000 | 00577nam a2200205Ia 4500 | ||
|---|---|---|---|
| 003 | OSt | ||
| 005 | 20230415130318.0 | ||
| 008 | 210423s2004 xx 000 0 und d | ||
| 020 | _a761997466 | ||
| 040 | _cAL | ||
| 041 | _aeng | ||
| 082 |
_a658.45 FERJ _223 |
||
| 100 |
_aFERNANDEZ (Joseph). _988944 |
||
| 245 | _aCorporate communications: a tweenty first century primer. | ||
| 260 |
_aNew Delhi _bResponse Books _c2004 |
||
| 300 |
_axiii,282 _bPB |
||
| 365 |
_b450 _cINR |
||
| 906 | _acentury ; communications: ; Corporate ; first ; primer. ; tweenty | ||
| 942 |
_2ddc _cBK |
||
| 999 |
_c159389 _d159389 |
||